000 005280000a22001810004500
003 MACL
005 20160401132320.0
008 160401b xxu||||| |||| 00| 0 eng d
040 _aMACL
_cMACL
041 _aHindi
082 _a398
100 _aदेवेन्‍द्र सत्‍यार्थी
_939435
245 _aधरती गाती है
260 _bप्रवीण प्रकाशन
_c1994
_aदिल्‍ली
350 _a175
650 _aFolklore
_949602
942 _cHIN
_k398
_2ddc
999 _c19748
_d19748